Diversidad biológica del municipio de Girardota Antioquia / (Registro nro. 7280)
[ vista simple ]
| 000 -CABECERA | |
|---|---|
| Campo de control | 01248nam a2200265 a 4500 |
| 005 - FECHA Y HORA DE LA ULTIMA TRANSACCION | |
| Campo de control | 20160108075506.0 |
| 008 - ELEMENTOS DE LONGITUD FIJA—INFORMACION GENERAL | |
| Campo de control | 111003s2010 ck a gr 00010 spa d |
| 020 ## - ISBN | |
| ISBN | 9789587143584 |
| 040 ## - FUENTE DE CATALOGACIÓN | |
| Agencia catalogadora original | CO-BoBLA |
| Agencia transcriptora | CO-BoBLA |
| Agencia Modificadora | Co-BoIAvH |
| 041 0# - IDIOMA | |
| Código de idioma para texto/pista de sonido o título separado | Español |
| 044 ## - PAÍS DE PUBLICACIÓN | |
| País de publicación | Colombia |
| 082 04 - NUMERO DE CLASIFICACION DECIMAL DEWEY | |
| Número de clasificación | 574.526 |
| Número del ítem | A57d |
| 110 2# - ASIENTO PRINCIPAL--NOMBRE CORPORATIVO | |
| Nombre corporativo o de jurisdicción como elemento de entrada | Antioquia (Colombia). |
| Unidad subordinad | Gobernación. |
| -- | Secretaría del Medio Ambiente. |
| 9 (RLIN) | 48423 |
| 245 10 - MENCION DE TITULO | |
| Título | Diversidad biológica del municipio de Girardota Antioquia / |
| Mención de responsabilidad | Secretaria del Medio Ambiente ; investigadores Francisco Javier Rold�an Palacios ... [et al.]. |
| 260 ## - PUBLICACION, DISTRIBUCION, ETC. (PIE DE IMPRENTA) | |
| Lugar de publicación, distribución, etc. | Medellín : |
| Nombre del editor, distribuidor, etc. | La Secretaría : |
| -- | Corantioquia : |
| -- | Municipio de Girardota : |
| -- | Universidad de Antioquia, |
| Fecha de publicación, distribución, etc. | 2010. |
| 300 ## - DESCRIPCION FISICA | |
| Extensión | 83 páginas. : |
| Otros detalles físicos | ilustraciones. ; |
| Dimensiones | 24 centímetros. |
| 650 24 - ASIENTO SECUNDARIO DE MATERIA - TERMINO TEMATICO | |
| Término temático o nombre geográfico como elemento de entrada | Ecología |
| Subdivisión geográfica | Girardota (Antioquia, Colombia) |
| 9 (RLIN) | 48424 |
| 650 24 - ASIENTO SECUNDARIO DE MATERIA - TERMINO TEMATICO | |
| Término temático o nombre geográfico como elemento de entrada | Diversidad biológica |
| Subdivisión geográfica | Girardota (Antioquia, Colombia) |
| 9 (RLIN) | 48425 |
| 650 24 - ASIENTO SECUNDARIO DE MATERIA - TERMINO TEMATICO | |
| Término temático o nombre geográfico como elemento de entrada | Bosques |
| Subdivisión geográfica | Girardota (Antioquia, Colombia) |
| 9 (RLIN) | 48426 |
| 650 24 - ASIENTO SECUNDARIO DE MATERIA - TERMINO TEMATICO | |
| Término temático o nombre geográfico como elemento de entrada | Fauna |
| Subdivisión geográfica | Girardota (Antioquia, Colombia) |
| 9 (RLIN) | 48427 |
| 650 24 - ASIENTO SECUNDARIO DE MATERIA - TERMINO TEMATICO | |
| Término temático o nombre geográfico como elemento de entrada | Flora |
| Subdivisión geográfica | Girardota (Antioquia, Colombia) |
| 9 (RLIN) | 48428 |
| 651 24 - ASIENTO SECUNDARIO DE MATERIA - NOMBRE GEOGRAFICO | |
| Nombre geográfico | Girardota (Antioquia, Colombia) |
| Subdivisión general | Características. |
| 9 (RLIN) | 48429 |
| 700 1# - ASIENTO SECUNDARIO - NOMBRE PERSONAL | |
| Nombre personal | Roldán Palacios, Francisco Javier. |
| 9 (RLIN) | 48430 |
| 942 ## - ELEMENTOS ADICIONALES (KOHA) | |
| Sistema de clasificación | Dewey Decimal Classification |
| Tipo de ítem | Libro |
| Withdrawn status | Lost status | Sistema de Clasificación | Damaged status | No para préstamo | Colección | Inventariado | Ubicación Permanente | Ubicación actual | Fecha de adquisición | Fuente de Valor | Valor | Total Checkouts | Número topográfico | Inventario / Código de Barras | Date last seen | Ejemplar | Price effective from | Forma de adquisición | Tipo de material |
|---|---|---|---|---|---|---|---|---|---|---|---|---|---|---|---|---|---|---|---|
| Dewey Decimal Classification | General | Inventariado 2017 | Sala Fabio Quevedo | Sala Fabio Quevedo | 15/07/2010 | Instituto | 39000.00 | LB-574.526 A57d | 028183 | 04/12/2012 | Ej.1 | 04/12/2012 | Libro |